Вып. 32; Прикладная геометрия и инженерная графика

Opis bibliograficzny
Parent link:Прикладная геометрия и инженерная графика: республиканский межведомственный научно-технической сборник/ Киевский инженерно-строительный институт. Вып. 32.— , 1964-1991
Kolejni autorzy: Михайленко В. Е. (редактор)
Język:rosyjski
Wydane: 1981
Hasła przedmiotowe:
Format: MixedMaterials Książka
KOHA link:https://koha.lib.tpu.ru/cgi-bin/koha/opac-detail.pl?biblionumber=308855

MARC

LEADER 00000nam2a2200000 4500
001 308855
005 20231102002132.0
035 |a (RuTPU)RU\TPU\book\334176 
035 |a RU\TPU\book\305085 
035 |a RU\TPU\book\354492 
090 |a 308855 
100 |a 20170222d1981 k y0rusy5003 ca 
101 0 |a rus 
102 |a UA 
105 |a a z 001zy 
200 0 |a Вып. 32  |f под ред. В. Е. Михайленко 
210 |d 1981 
215 |a 131 с.  |c ил. 
320 |a Библиография в конце статей 
461 1 |0 (RuTPU)RU\TPU\book\163655  |t Прикладная геометрия и инженерная графика  |o республиканский межведомственный научно-технической сборник  |f Киевский инженерно-строительный институт  |v Вып. 32  |d 1964-1991 
606 1 |a Геометрия прикладная  |2 stltpush  |3 (RuTPU)RU\TPU\subj\51669  |9 70242 
606 1 |a Инженерная графика  |2 stltpush  |3 (RuTPU)RU\TPU\subj\39243  |9 59411 
610 1 |a кривые поверхности 
610 1 |a теория 
610 1 |a образование 
610 1 |a изображение 
610 1 |a применение 
610 1 |a проекции 
610 1 |a построение 
675 |a 514.18  |z rus  |v 3 
675 |a 76:621  |z rus  |v 3 
702 1 |a Михайленко  |b В. Е.  |4 340 
801 1 |a RU  |b 63413507  |c 20151107 
801 2 |a RU  |b 63413507  |c 20170228  |g RCR 
942 |c BK